<?xml version="1.0" encoding="UTF-8"?>
<record
    xmlns:xsi="http://www.w3.org/2001/XMLSchema-instance"
    xsi:schemaLocation="http://www.loc.gov/MARC21/slim http://www.loc.gov/standards/marcxml/schema/MARC21slim.xsd"
    xmlns="http://www.loc.gov/MARC21/slim">

  <leader>01418    a2200289   4500</leader>
  <controlfield tag="003">NALT</controlfield>
  <controlfield tag="005">20251126115322.0</controlfield>
  <controlfield tag="008">210325b        th ||||| |||| 00| 0 tha d</controlfield>
  <datafield tag="020" ind1=" " ind2=" ">
    <subfield code="a">9786161834876</subfield>
  </datafield>
  <datafield tag="040" ind1=" " ind2=" ">
    <subfield code="a">NALT</subfield>
  </datafield>
  <datafield tag="041" ind1="1" ind2=" ">
    <subfield code="a">tha</subfield>
    <subfield code="h">eng</subfield>
  </datafield>
  <datafield tag="050" ind1=" " ind2=" ">
    <subfield code="a">HF 1106</subfield>
    <subfield code="b">&#xE1A;294&#xE14; 2563</subfield>
  </datafield>
  <datafield tag="100" ind1="1" ind2=" ">
    <subfield code="a">&#xE1A;&#xE32;&#xE23;&#xE4C;&#xE23;&#xE2D;&#xE19;, &#xE40;&#xE08;&#xE2A;&#xE31;&#xE19;</subfield>
    <subfield code="9">53931</subfield>
  </datafield>
  <datafield tag="245" ind1="1" ind2="4">
    <subfield code="a">The visual MBA :</subfield>
    <subfield code="b">&#xE40;&#xE02;&#xE49;&#xE32;&#xE43;&#xE08; MBA &#xE2D;&#xE22;&#xE48;&#xE32;&#xE07;&#xE17;&#xE30;&#xE25;&#xE38;&#xE1B;&#xE23;&#xE38;&#xE42;&#xE1B;&#xE23;&#xE48;&#xE07;&#xE14;&#xE49;&#xE27;&#xE22;&#xE20;&#xE32;&#xE1E; /</subfield>
    <subfield code="c">&#xE1C;&#xE39;&#xE49;&#xE40;&#xE02;&#xE35;&#xE22;&#xE19;, &#xE40;&#xE08;&#xE2A;&#xE31;&#xE19; &#xE1A;&#xE32;&#xE23;&#xE4C;&#xE23;&#xE2D;&#xE19; ; &#xE1C;&#xE39;&#xE49;&#xE41;&#xE1B;&#xE25;, &#xE25;&#xE25;&#xE34;&#xE15;&#xE32; &#xE1C;&#xE25;&#xE1C;&#xE25;&#xE32;.</subfield>
  </datafield>
  <datafield tag="246" ind1="3" ind2="1">
    <subfield code="a">The visual MBA : </subfield>
    <subfield code="b">two years of business school packed into one priceless book of pure awesomeness.</subfield>
  </datafield>
  <datafield tag="250" ind1=" " ind2=" ">
    <subfield code="a">&#xE1E;&#xE34;&#xE21;&#xE1E;&#xE4C;&#xE04;&#xE23;&#xE31;&#xE49;&#xE07;&#xE41;&#xE23;&#xE01;</subfield>
  </datafield>
  <datafield tag="260" ind1=" " ind2=" ">
    <subfield code="a">&#xE01;&#xE23;&#xE38;&#xE07;&#xE40;&#xE17;&#xE1E;&#xE2F; : </subfield>
    <subfield code="b">&#xE2D;&#xE21;&#xE23;&#xE34;&#xE19;&#xE17;&#xE23;&#xE4C; &#xE2E;&#xE32;&#xE27; &#xE17;&#xE39;, </subfield>
    <subfield code="c">2563.</subfield>
  </datafield>
  <datafield tag="300" ind1=" " ind2=" ">
    <subfield code="a">192 &#xE2B;&#xE19;&#xE49;&#xE32; :</subfield>
    <subfield code="b">&#xE20;&#xE32;&#xE1E;&#xE1B;&#xE23;&#xE30;&#xE01;&#xE2D;&#xE1A; ;</subfield>
    <subfield code="c">22 &#xE0B;&#xE21;.</subfield>
  </datafield>
  <datafield tag="650" ind1=" " ind2="4">
    <subfield code="9">53933</subfield>
    <subfield code="a">&#xE18;&#xE38;&#xE23;&#xE01;&#xE34;&#xE08;&#xE28;&#xE36;&#xE01;&#xE29;&#xE32;</subfield>
  </datafield>
  <datafield tag="650" ind1=" " ind2="4">
    <subfield code="9">5506</subfield>
    <subfield code="a">&#xE01;&#xE32;&#xE23;&#xE27;&#xE32;&#xE07;&#xE41;&#xE1C;&#xE19;&#xE40;&#xE0A;&#xE34;&#xE07;&#xE01;&#xE25;&#xE22;&#xE38;&#xE17;&#xE18;&#xE4C;</subfield>
  </datafield>
  <datafield tag="650" ind1=" " ind2="0">
    <subfield code="a">&#xE01;&#xE32;&#xE23;&#xE08;&#xE31;&#xE14;&#xE01;&#xE32;&#xE23;</subfield>
    <subfield code="9">10583</subfield>
  </datafield>
  <datafield tag="700" ind1="1" ind2=" ">
    <subfield code="9">53932</subfield>
    <subfield code="a">Barron, Jason </subfield>
  </datafield>
  <datafield tag="700" ind1="0" ind2=" ">
    <subfield code="9">38924</subfield>
    <subfield code="a">&#xE25;&#xE25;&#xE34;&#xE15;&#xE32; &#xE1C;&#xE25;&#xE1C;&#xE25;&#xE32;</subfield>
  </datafield>
  <datafield tag="850" ind1=" " ind2=" ">
    <subfield code="a">NALT</subfield>
  </datafield>
  <datafield tag="942" ind1=" " ind2=" ">
    <subfield code="2">lcc</subfield>
    <subfield code="c">GB</subfield>
  </datafield>
  <datafield tag="998" ind1=" " ind2=" ">
    <subfield code="a">phon</subfield>
    <subfield code="b">phon</subfield>
    <subfield code="c">phon</subfield>
    <subfield code="j">111</subfield>
    <subfield code="k"> &#xE19;&#xE32;&#xE07;&#xE2A;&#xE32;&#xE27;&#xE1E;&#xE08;&#xE1E;&#xE34;&#xE13;  &#xE1E;&#xE23;&#xE21;&#xE40;&#xE2D;&#xE35;&#xE48;&#xE22;&#xE21;</subfield>
  </datafield>
  <datafield tag="999" ind1=" " ind2=" ">
    <subfield code="c">98066</subfield>
    <subfield code="d">98066</subfield>
  </datafield>
  <datafield tag="952" ind1=" " ind2=" ">
    <subfield code="0">0</subfield>
    <subfield code="1">0</subfield>
    <subfield code="2">lcc</subfield>
    <subfield code="4">0</subfield>
    <subfield code="7">0</subfield>
    <subfield code="8">CGBL</subfield>
    <subfield code="a">NALT</subfield>
    <subfield code="b">NALT</subfield>
    <subfield code="c">GEN</subfield>
    <subfield code="d">2021-04-05</subfield>
    <subfield code="e">1</subfield>
    <subfield code="l">1</subfield>
    <subfield code="m">1</subfield>
    <subfield code="o">HF 1106 &#xE1A;294&#xE14; 2563</subfield>
    <subfield code="p">3961211837</subfield>
    <subfield code="r">2025-12-10 00:00:00</subfield>
    <subfield code="s">2025-11-26</subfield>
    <subfield code="w">2021-04-05</subfield>
    <subfield code="y">GB</subfield>
  </datafield>
</record>
